Almost automorphic and almost periodic dynamics in skew-product semiflows

Αποθηκεύτηκε σε:
Λεπτομέρειες βιβλιογραφικής εγγραφής
Κύριος συγγραφέας: Shen, Wenxian 1961-
Άλλοι συγγραφείς: Yi, Yingfei 1962-
Μορφή: Βιβλίο
Γλώσσα:English
Δημοσίευση: Providence, Rhode island : American Mathematical Society, c1998
Σειρά:Memoirs of the American Mathematical Society ; ; 647
Θέματα:
Ετικέτες: Προσθήκη ετικέτας
Δεν υπάρχουν, Καταχωρήστε ετικέτα πρώτοι!

MARC

LEADER 00000nam a2200000 i 4500
001 1/91536
008 991022s1998 eng d
020 |a 0821808672 
035 |l 10053640 
040 |a GR-MY-UA  |b gre  |e aacr 
041 0 |a eng 
082 0 |a 514 
100 1 |a Shen, Wenxian  |d 1961- 
245 1 0 |a Almost automorphic and almost periodic dynamics in skew-product semiflows /  |c Wenxian Shen, Yingfei Yi 
260 |a Providence, Rhode island :   |b American Mathematical Society,   |c c1998 
300 |a ix, 93 p.;  |b ill.;  |c 25 cm. 
490 1 |a Memoirs of the American Mathematical Society  |v ; 647 
500 |a Volume 136, number 647 (second of 6 numbers) 
500 |a Includes bibliographical references 
650 0 0 |a Topological dynamics. 
650 0 0 |a Flows (Differentiable dynamical systems) 
700 1 |a Yi, Yingfei  |d 1962- 
830 0 |a Memoirs of the American Mathematical Society ;  |v ; 647 
852 |a INST  |b SAMOS  |e 19991022  |h 514 SHE  |p 005300012371  |q 005300012371  |t BK  |y 0 
901 |a BIBL3-1999-3 
909 |a Σ  |b 063365 
922 |a 3ΕΛΗ  |b 199907  |c ΕΠΕΑΕΚ/ΜΑΘ  |d ΠΑΠΑΣΩΤΗΡΙΟΥ 
970 |a ΓΕΝΟΥΖΟΥ  |b ΧΡΥΣΑΝΘΗ  |z 1999/10/22